[Event "Regionalliga SO 9798"]
[Site "Bayern"]
[Date "1998.??.??"]
[Round "?.6"]
[White "Roth, Peter2222"]
[Black "Hofbauer, Bernhard"]
[Result "0-1"]
[WhiteElo "1970"]
[BlackElo "1965"]
[PlyCount "128"]
[EventDate "1997.10.19"]
[EventType "team-tourn"]
[EventRounds "9"]
[EventCountry "GER"]
[SourceTitle "EXT 2020"]
[Source "ChessBase"]
[SourceDate "2019.10.17"]
[SourceVersion "1"]
[SourceVersionDate "2019.10.17"]
[SourceQuality "1"]
[WhiteTeam "Deggendorf"]
[BlackTeam "Ilmmuenster"]
[WhiteTeamCountry "GER"]
[BlackTeamCountry "GER"]

1. e4 c6 2. d4 d5 3. Nd2 dxe4 4. Nxe4 Bf5 5. Ng3 Bg6 6. h4 h6 7. Nf3 Nd7 8. h5 Bh7 9. Bd3 Bxd3 10. Qxd3 Qc7 11. Bd2 e6 12. 0-0-0 0-0-0 13. Ne4 Ngf6 14. Nxf6 Nxf6 15. Qe2 Rd5 16. g3 Rxh5 17. Rxh5 Nxh5 18. Ne5 Nf6 19. c4 Bd6 20. f4 Qe7 21. a3 Nd7 22. b4 Rd8 23. Be3 a6 24. Qc2 f6 25. Nf3 Kb8 26. Nh4 Nf8 27. Qe4 f5 28. Qg2 Nh7 29. Nf3 Nf6 30. Ne5 Bxe5 31. fxe5 Ng4 32. Kd2 Nxe3 33. Kxe3 Qg5+ 34. Kf2 Qg4 35. Qf3 Rxd4 36. Qxg4 Rxg4 37. Rd6 Rxc4 38. Rxe6 Re4 39. Kf3 Kc8 40. Rg6 Rxe5 41. Rxg7 Re1 42. Rh7 Ra1 43. Rxh6 Rxa3+ 44. Kf4 a5 45. bxa5 Rxa5 46. Rh7 Rd5 47. Rh8+ Kc7 48. Rh7+ Kb8 49. Rh8+ Kc7 50. Rh7+ Kb6 51. Rf7 c5 52. Rg7 c4 53. g4 fxg4 54. Ke4 c3 55. Rxg4 c2 56. Kxd5 c1Q 57. Rb4+ Ka6 58. Rc4 Qg5+ 59. Kd4 Kb5 60. Rc3 Qf4+ 61. Kd3 Kb4 62. Rc2 Qf3+ 63. Kd2 Qd5+ 64. Kc1 Qg5+ 0-1